000 00825nam a22002295i 4500
001 157737
003 ES-MaACL
005 20250826065254.0
008 011009q18901900sp |||| | spa d
040 _aCCPB | B
_bspa
_cCCPB | B
100 1 _aLiesse, Andrés.
_9128949
245 1 3 _aEl trabajo
_b: desde el punto de vista científico, industrial y social /
_cpor Andrés Liesse.
260 _aMadrid :
_bLa España Moderna,
_c[s.a.] (
_fImp. Avrial)
300 _a490 p. ;
_c23 cm.
490 1 _aBiblioteca de jurisprudencia, filosofía e historia
596 1 _aLa editorial ejerce ca. 1890-1900.
650 7 _aTrabajo
_2embne
_917590
752 _aEspaña -
_dMadrid
830 0 0 _aBiblioteca de jurisprudencia, filosofía e historia
_9180691
852 _aES-MaACL
_jF-14895
_z-- Enc. hol.
999 _c157737
_d157737